Yoga therapy / (Record no. 162850)

MARC details
000 -LEADER
fixed length control field 00609nam a22001937a 4500
005 - DATE AND TIME OF LATEST TRANSACTION
control field 20190330142739.0
010 ## - LCCN (DPL NO)
LC control number ENG-124950
020 ## - INTERNATIONAL STANDARD BOOK NUMBER
International Standard Book Number 9798183820331
Terms of availability 275.00
035 ## - SYSTEM CONTROL NUMBER
System control number EN-108482
037 ## - SOURCE OF ACQUISITION
Source of stock number/acquisition DBAD/PUB
082 ## - DEWEY DECIMAL CLASSIFICATION NUMBER
Classification number 613.7046
100 ## - MAIN ENTRY--PERSONAL NAME
Personal name Krishan Kumar Suman
245 ## - TITLE STATEMENT
Title Yoga therapy /
Statement of responsibility, etc by krishan kumar Suman [and] V.K. Ahluwalia
260 ## - PUBLICATION, DISTRIBUTION, ETC. (IMPRINT)
Place of publication, distribution, etc New Delhi
Name of publisher, distributor, etc Lotus Press
Date of publication, distribution, etc 2017
270 ## - ADDRESS
Address 4735/22, Prakash Deep Building, Ansari Road, Darya Ganj,
City New Delhi
Postal code 110002
300 ## - PHYSICAL DESCRIPTION
Extent 243p.:
Dimensions 22cm.(pbk)
Other physical details ill.
700 ## - ADDED ENTRY--PERSONAL NAME
Personal name Ahluwalia, V.K.
942 ## - ADDED ENTRY ELEMENTS (KOHA)
Source of classification or shelving scheme Dewey Decimal Classification
Item type English Books
Call number suffix KRI
Classification part 613.7046
Holdings
Withdrawn status Lost status Not for loan Collection code Home library Current library Date acquired Source of acquisition Cost, normal purchase price Full call number Barcode Copy number Cost, replacement price Koha item type
    Not For Loan Non-fiction D.B.Act.Division Patel Nagar 22/03/2019 DBAD/PUB 275.00 613.7046 KRI EN-108482 1 275.00 English Books

© Delhi Public Library
Hit Counter
free hit counter